1783 1583 1662 1294 1688 1040 1221 1271 1949 1338 1701 1892 1535 1848 1332 1879 1887 1232 1554 1838 1873 1473 1184 1884 1238 1591 1185 1098 1064 1463 1665 1512 1803 1098 1270 1598 1815 1237 1816 1131 1342 1994 1205 1247 1038 1666 1052 1254 1922 1210 1289 1335 1880 1102 1694 1750 1957 1563 1835 1431 1521 1576 1275 1427 1182 1389 1446 1576 1297 1021 1913 1026 1513 1030 1400 1220 1558 1494 1626 1030 1560 1281 1143 1332 1535 1430 1123 1317 1045 1985 1809 1367 1001 1200 1784 1437 1650 1349 1574 BCNSPRNW ULIB Ver.6.0+V

เปลี่ยนเป็นภาษาไทย

Change to English
 แสดงรายละเอียดบรรณานุกรม
  กลับหน้าหลัก

Brief Record : Get Marc (ISO 2709) : E-mail record : QR code < ปิดหน้าต่าง
LEADER : 00000nam 2200000uu 4500
001    13399122018
003     ULIB
008    121220s2553||||th 000 0 tha d
020    ^a9786167287492
060  4 ^aWY159^bต367ภ ล.2
110 1  วิทยาลัยพยาบาลสภากาชาดไทย, ภาควิชาการพยาบาลเด็กและการผดุงครรภ์
245 00 ^aตำราการพยาบาลเด็ก^nเล่ม 2./^cภาควิชาการพยาบาลเด็กและการผดุงครรภ์ วิทยาลัยพยาบาลสภากาชาดไทย
260    ^aกรุงเทพฯ :^bภาควิชาการพยาบาลเด็กและการผดุงครรภ์ วิทยาลัยพยาบาลสภากาชาดไทย,^c2553
300    ^a215 หน้า :^bภาพประกอบ
505 0  ^aการพยาบาลเด็กที่มีปัญหาการขับถ่ายอุจจาระ - - การพยาบาลเด็กที่มีปัญหาการรู้สติ - - การพยาบาลเด็กที่มีปัญหาการรับความรู้สึก - - การพยาบาลเด็กที่มีปัญหาการเคลื่อนไหว - - การพยาบาลเด็กที่มีปัญหาการปกป้องร่างกาย : ภูมิคุ้มกัน - - การพยาบาลเด็กที่มีปัญหาการปกป้องร่างกาย : ผิวหนัง - - การพยาบาลเด็กที่มีปัญหาการปกป้องร่างกาย : อุณหภูมิ - - การพยาบาลเด็กที่มีปัญหาการปกป้องร่างกาย :เลือดออกผิดปกติ
650  7 ^aการพยาบาลกุมารเวชศาสตร์
710 1  ^aวิทยาลัยพยาบาลสภากาชาดไทย.^bภาควิชาการพยาบาลเด็กและการผดุงครรภ์
945    ^p260^l0^i033238
945    ^p260^l0^i033239
945    ^p260^l0^i033240
995    ^a เกษร
999    ^aใช้งานได้ทุกระบบ
รายการนี้ยังไม่มีแท็ก
คุณยังไม่ได้ล็อกอิน คุณสามารถมีกิจกรรมร่วมกับเว็บไซต์ได้ แต่ต้องล็อกอินก่อน ::
  ล็อกอิน

รายการสื่อสารสนเทศ

ลำดับที่ ประเภท เลขเรียก/บาร์โค้ด สถานที่ สถานะ
1. Book การพยาบาล
Book การพยาบาล
WY159 ต367ภ ล.2 ฉ 
  Barcode: 033238
ห้องสมุดวิทยาเขตสวรรค์ประชารักษ์
►ส่วนจัดเก็บหนังสือเก่า สปร
บนชั้น
  ขอยืม
2. Book การพยาบาล
Book การพยาบาล
WY159 ต367ภ ล.2 ฉ.2 
  Barcode: 033239
ห้องสมุดวิทยาเขตสวรรค์ประชารักษ์
►ส่วนจัดเก็บหนังสือเก่า สปร
บนชั้น
  ขอยืม
3. Book การพยาบาล
Book การพยาบาล
WY159 ต367ภ ล.2 ฉ.3 
  Barcode: 033240
ห้องสมุดวิทยาเขตสวรรค์ประชารักษ์
►ส่วนจัดเก็บหนังสือเก่า สปร
บนชั้น
  ขอยืม

รายการใกล้เคียง
    หัวเรื่อง [การพยาบาลกุมารเวชศาสตร์]

BibComment


ยังไม่เคยถูกคอมเมนท์

คอมเมนท์ทรัพยากรรายการนี้
  คอมเมนท์: ตำราการพยาบาลเด็..


 Copyright 2026. Bcnsprnw @Library